<?xml version="1.0" encoding="UTF-8"?>
<record
    xmlns:xsi="http://www.w3.org/2001/XMLSchema-instance"
    xsi:schemaLocation="http://www.loc.gov/MARC21/slim http://www.loc.gov/standards/marcxml/schema/MARC21slim.xsd"
    xmlns="http://www.loc.gov/MARC21/slim">

  <leader>01607    a2200229   4500</leader>
  <controlfield tag="001">28250</controlfield>
  <controlfield tag="005">20260407155554.0</controlfield>
  <controlfield tag="008">260407a2014    arg                 spa d</controlfield>
  <controlfield tag="003">AR-UNSa-BCEJYS</controlfield>
  <datafield tag="040" ind1=" " ind2=" ">
    <subfield code="a">AR-UNSa-BCEJYS</subfield>
    <subfield code="b">spa</subfield>
    <subfield code="c">AR-UNSa-BCEJYS</subfield>
  </datafield>
  <datafield tag="080" ind1=" " ind2=" ">
    <subfield code="a">338.1(728)</subfield>
    <subfield code="x">Situaci&#xF3;n econ&#xF3;mica. Ciclos. Desarrollo de la estructura econ&#xF3;mica en los Estados de Am&#xE9;rica Central</subfield>
  </datafield>
  <datafield tag="245" ind1="1" ind2="0">
    <subfield code="a">Cambio estructural y crecimiento en Centroam&#xE9;rica y la Rep&#xFA;blica Dominicana</subfield>
    <subfield code="p">un balance de dos d&#xE9;cadas, 1990-2011</subfield>
  </datafield>
  <datafield tag="020" ind1=" " ind2=" ">
    <subfield code="a">978-92-1-121852-7</subfield>
  </datafield>
  <datafield tag="264" ind1=" " ind2="1">
    <subfield code="a">Santiago de Chile :</subfield>
    <subfield code="b">CEPAL (Comisi&#xF3;n Econ&#xF3;mica para Am&#xE9;rica Latina y el Caribe)</subfield>
    <subfield code="c">2014</subfield>
  </datafield>
  <datafield tag="300" ind1=" " ind2=" ">
    <subfield code="a">391 p.</subfield>
    <subfield code="c">22 cm.</subfield>
  </datafield>
  <datafield tag="505" ind1=" " ind2=" ">
    <subfield code="a">1. El actual contexto econ&#xF3;mico mundial: &#xBF;dejar atr&#xE1;s o volver a enfrentar la crisis financiera internacional? - 2. Crecimiento y estabilizaci&#xF3;n econ&#xF3;mica en Centroam&#xE9;rica y la Rep&#xFA;blica Dominicana en 1990-2011 - 3. Mercado de trabajo, desigualdad y pobreza - 4. Inserci&#xF3;n internacional y cambio estructural en Centroam&#xE9;rica y la Rep&#xFA;blica Dominicana - 5. La balanza de pagos y el crecimiento econ&#xF3;mico de Centroam&#xE9;rica y la Rep&#xFA;blica Dominicana - 6. Pol&#xED;tica macroecon&#xF3;mica: principales instrumentos y objetivos - 7. Reflexiones sobre una pol&#xED;tica macroecon&#xF3;mica para el desarrollo</subfield>
  </datafield>
  <datafield tag="942" ind1=" " ind2=" ">
    <subfield code="c">BK</subfield>
  </datafield>
  <datafield tag="590" ind1=" " ind2=" ">
    <subfield code="a">niveau_biblio:m niveau_hierar:0</subfield>
  </datafield>
  <datafield tag="100" ind1="1" ind2=" ">
    <subfield code="a">Beteta, Hugo E.</subfield>
  </datafield>
  <datafield tag="700" ind1="1" ind2=" ">
    <subfield code="a">Moreno-Brid, Juan Carlos</subfield>
  </datafield>
  <datafield tag="856" ind1="4" ind2="1">
    <subfield code="u">https://biblioeco.unsa.edu.ar/pmb/images/libros/Cambio estructural y crecimiento en Centroamerica y la Republica Dominicana-l119998.jpg</subfield>
    <subfield code="y">Imagen de portada</subfield>
    <subfield code="q">image/jpeg</subfield>
  </datafield>
  <datafield tag="999" ind1=" " ind2=" ">
    <subfield code="c">1681</subfield>
    <subfield code="d">1681</subfield>
  </datafield>
  <datafield tag="952" ind1=" " ind2=" ">
    <subfield code="0">0</subfield>
    <subfield code="1">0</subfield>
    <subfield code="4">0</subfield>
    <subfield code="7">0</subfield>
    <subfield code="a">BCEJYS</subfield>
    <subfield code="b">BCEJYS</subfield>
    <subfield code="c">16</subfield>
    <subfield code="d">2026-04-07</subfield>
    <subfield code="l">0</subfield>
    <subfield code="o">338.1(728) B562</subfield>
    <subfield code="p">L119998</subfield>
    <subfield code="r">2026-04-07 15:55:54</subfield>
    <subfield code="w">2026-04-07</subfield>
    <subfield code="y">L</subfield>
  </datafield>
</record>
